[Event "Winnipeg TNT June op"]
[Site "Winnipeg CAN"]
[Date "2007.06.26"]
[Round "4"]
[White "Gibson, Fred"]
[Black "Lipic, Stephen"]
[Result "0-1"]
[WhiteElo "1234"]
[BlackElo "1646"]
[PlyCount "38"]
[GameId "2160767910667759"]
[EventDate "2007.06.05"]
[EventType "swiss"]
[EventRounds "4"]
[EventCountry "CAN"]
[SourceTitle "EXT 2019"]
[Source "ChessBase"]
[SourceDate "2018.10.10"]
[SourceVersion "1"]
[SourceVersionDate "2018.10.10"]
[SourceQuality "1"]

1. e4 c6 2. d4 d5 3. e5 Na6 4. Bd2 Nc7 5. Nf3 Bg4 6. Be2 Bxf3 7. Bxf3 g6 8. O-O h5 9. g3 Ne6 10. Be3 Nh6 11. Nc3 Nf5 12. Qd2 h4 13. Ne2 hxg3 14. fxg3 Nxe3 15. Qxe3 Bh6 16. Qd3 Qd7 17. Bg4 Rh7 18. Rxf7 Kxf7 19. Rf1+ Kg7 0-1

[Event "Winnipeg TNT June op"]
[Site "Winnipeg CAN"]
[Date "2007.06.26"]
[Round "4"]
[White "Kaptsan, Aron"]
[Black "Van Wyk, Joseph"]
[Result "1/2-1/2"]
[WhiteElo "2041"]
[BlackElo "1951"]
[PlyCount "49"]
[GameId "2160767910667760"]
[EventDate "2007.06.05"]
[EventType "swiss"]
[EventRounds "4"]
[EventCountry "CAN"]
[SourceTitle "EXT 2019"]
[Source "ChessBase"]
[SourceDate "2018.10.10"]
[SourceVersion "1"]
[SourceVersionDate "2018.10.10"]
[SourceQuality "1"]

1. e4 c6 2. d4 d5 3. exd5 cxd5 4. c4 e6 5. Nf3 Nf6 6. Nc3 Nc6 7. c5 Ne4 8. Qc2 f5 9. Bb5 Bd7 10. O-O Qf6 11. Bxc6 Bxc6 12. Bf4 Be7 13. b4 O-O 14. b5 Be8 15. a4 Rc8 16. Nxe4 dxe4 17. Be5 Qh6 18. Nd2 Bh5 19. f4 Be2 20. Rfe1 Bd3 21. Qb3 g5 22. g3 gxf4 23. Bxf4 Qf6 24. Be5 Qh6 25. Bf4 1/2-1/2

[Event "Winnipeg TNT June op"]
[Site "Winnipeg CAN"]
[Date "2007.06.26"]
[Round "4"]
[White "Kwiatek, Jordan"]
[Black "Lauritson, Jim"]
[Result "0-1"]
[WhiteElo "1956"]
[BlackElo "1964"]
[PlyCount "48"]
[GameId "2160767910667761"]
[EventDate "2007.06.05"]
[EventType "swiss"]
[EventRounds "4"]
[EventCountry "CAN"]
[SourceTitle "EXT 2019"]
[Source "ChessBase"]
[SourceDate "2018.10.10"]
[SourceVersion "1"]
[SourceVersionDate "2018.10.10"]
[SourceQuality "1"]

1. e4 c5 2. Nf3 e6 3. d4 cxd4 4. Nxd4 Nc6 5. Be3 Nf6 6. Nc3 a6 7. f3 Qc7 8. g4 h6 9. Qd2 Bb4 10. a3 Be7 11. O-O-O b5 12. Nxc6 Qxc6 13. Ne2 Bb7 14. Nd4 Qc7 15. Qf2 d5 16. e5 Qxe5 17. g5 hxg5 18. f4 gxf4 19. Bxf4 Ne4 20. Qe3 Qxf4 21. Qxf4 Bg5 22. Qxg5 Nxg5 23. Bg2 O-O-O 24. h4 Ne4 0-1

[Event "Winnipeg TNT June op"]
[Site "Winnipeg CAN"]
[Date "2007.06.26"]
[Round "4"]
[White "Letain, Cory"]
[Black "Magnusson, Saul"]
[Result "0-1"]
[WhiteElo "1370"]
[BlackElo "915"]
[PlyCount "52"]
[GameId "2160767910667762"]
[EventDate "2007.06.05"]
[EventType "swiss"]
[EventRounds "4"]
[EventCountry "CAN"]
[SourceTitle "EXT 2019"]
[Source "ChessBase"]
[SourceDate "2018.10.10"]
[SourceVersion "1"]
[SourceVersionDate "2018.10.10"]
[SourceQuality "1"]

1. c4 Nf6 2. Nf3 g6 3. g3 Bg7 4. Bg2 c6 5. d3 O-O 6. Nc3 d5 7. cxd5 cxd5 8. O-O Nc6 9. d4 e6 10. Bg5 Qb6 11. Na4 Qc7 12. Rc1 b6 13. Ne5 Bd7 14. Qd2 Qb7 15. Nf3 Ne4 16. Qd1 Nxg5 17. Nxg5 Nxd4 18. e3 Bxa4 19. Qxa4 Ne2+ 20. Kh1 Nxc1 21. Rxc1 Bxb2 22. Qh4 f6 23. Nxe6 Bxc1 24. Nf4 Rfd8 25. Ne6 Qe7 26. Bh3 Rd6 0-1

[Event "Winnipeg TNT June op"]
[Site "Winnipeg CAN"]
[Date "2007.06.26"]
[Round "4"]
[White "Liu, Weixi"]
[Black "Rutter, Blair"]
[Result "1/2-1/2"]
[WhiteElo "1654"]
[BlackElo "1893"]
[PlyCount "85"]
[GameId "2160767910667763"]
[EventDate "2007.06.05"]
[EventType "swiss"]
[EventRounds "4"]
[EventCountry "CAN"]
[SourceTitle "EXT 2019"]
[Source "ChessBase"]
[SourceDate "2018.10.10"]
[SourceVersion "1"]
[SourceVersionDate "2018.10.10"]
[SourceQuality "1"]

1. d4 d5 2. c4 c6 3. Nf3 Bg4 4. Ne5 Bf5 5. Qb3 Qc7 6. Bf4 dxc4 7. Qxc4 Be6 8. Qc2 Qb6 9. e3 Nf6 10. Bd3 g6 11. Nc3 Bg7 12. h4 Nh5 13. Bh2 Nd7 14. Nc4 Qd8 15. Nd2 f5 16. Nf3 O-O 17. Ng5 Bf7 18. Be2 Nhf6 19. Bf4 c5 20. g4 cxd4 21. exd4 Rc8 22. h5 Nd5 23. Bd2 e5 24. hxg6 Bxg6 25. Ne6 Qf6 26. Nxf8 Nxc3 27. Nxg6 hxg6 28. dxe5 Qxe5 29. Bxc3 Rxc3 30. Qd2 Rc7 31. gxf5 Qxf5 32. Qd3 Qf6 33. Rg1 Ne5 34. Qb3+ Kf8 35. Qa3+ Re7 36. Kf1 Qh4 37. Rc1 Bf6 38. Rc7 Kf7 39. Rxe7+ Bxe7 40. Qb3+ Kf6 41. Qxb7 Bc5 42. Qg2 Qf4 43. Qg3 1/2-1/2

[Event "Winnipeg TNT March op"]
[Site "Winnipeg CAN"]
[Date "2007.03.06"]
[Round "1"]
[White "Cleto, Sam"]
[Black "Trueman, Francis"]
[Result "1-0"]
[WhiteElo "1912"]
[BlackElo "1465"]
[PlyCount "39"]
[GameId "2160767910710027"]
[EventDate "2007.03.06"]
[EventType "swiss"]
[EventRounds "4"]
[EventCountry "CAN"]
[SourceTitle "EXT 2019"]
[Source "ChessBase"]
[SourceDate "2018.10.10"]
[SourceVersion "1"]
[SourceVersionDate "2018.10.10"]
[SourceQuality "1"]

1. d4 Nf6 2. Nf3 d6 3. c4 c6 4. Nc3 g6 5. h3 Bg7 6. e4 O-O 7. Bd3 Re8 8. O-O e5 9. d5 Nbd7 10. Bg5 a5 11. a3 Nf8 12. Qe2 Qe7 13. b4 Bd7 14. bxa5 Rxa5 15. Rfb1 Rb8 16. dxc6 Bxc6 17. Nd5 Rxd5 18. cxd5 Bd7 19. a4 h5 20. a5 1-0

[Event "Winnipeg TNT March op"]
[Site "Winnipeg CAN"]
[Date "2007.03.06"]
[Round "1"]
[White "Crawford, Gary"]
[Black "Green, Jim"]
[Result "0-1"]
[WhiteElo "1338"]
[BlackElo "1780"]
[PlyCount "39"]
[GameId "2160767910710028"]
[EventDate "2007.03.06"]
[EventType "swiss"]
[EventRounds "4"]
[EventCountry "CAN"]
[SourceTitle "EXT 2019"]
[Source "ChessBase"]
[SourceDate "2018.10.10"]
[SourceVersion "1"]
[SourceVersionDate "2018.10.10"]
[SourceQuality "1"]

1. e4 e5 2. Nf3 Nc6 3. Bb5 a6 4. Ba4 Nf6 5. O-O b5 6. Bb3 Be7 7. Re1 d6 8. h3 O-O 9. Nc3 Na5 10. Nd5 Nxd5 11. exd5 f5 12. Qe2 Bd7 13. Nd4 Nxb3 14. axb3 Rf6 15. f4 e4 16. d3 Rg6 17. dxe4 Bh4 18. Rf1 fxe4 19. Qxe4 Bxh3 20. Kh1 0-1

[Event "Winnipeg TNT March op"]
[Site "Winnipeg CAN"]
[Date "2007.03.06"]
[Round "1"]
[White "Evans, Brian"]
[Black "Van Wyk, Joseph"]
[Result "0-1"]
[WhiteElo "1525"]
[BlackElo "1947"]
[PlyCount "54"]
[GameId "2160767910710029"]
[EventDate "2007.03.06"]
[EventType "swiss"]
[EventRounds "4"]
[EventCountry "CAN"]
[SourceTitle "EXT 2019"]
[Source "ChessBase"]
[SourceDate "2018.10.10"]
[SourceVersion "1"]
[SourceVersionDate "2018.10.10"]
[SourceQuality "1"]

1. e4 e5 2. Nf3 Nc6 3. Bb5 f5 4. exf5 e4 5. Bxc6 bxc6 6. Ne5 Nf6 7. d4 Ba6 8. Ng4 d5 9. Bg5 Qd6 10. Nxf6+ gxf6 11. Qh5+ Ke7 12. Bd2 Rb8 13. b3 c5 14. Bc3 cxd4 15. Bxd4 c5 16. Bb2 Qf4 17. Nc3 Rd8 18. g3 Qd6 19. O-O-O Qc6 20. Nxe4 dxe4 21. Rxd8 Kxd8 22. Qf7 Kc8 23. Bxf6 Bh6+ 24. Kb1 Rf8 25. Qe6+ Qxe6 26. fxe6 Rxf6 27. e7 Kd7 0-1

[Event "Winnipeg TNT March op"]
[Site "Winnipeg CAN"]
[Date "2007.03.06"]
[Round "1"]
[White "Goodman, Clifford"]
[Black "Silva, T Romero"]
[Result "0-1"]
[WhiteElo "1499"]
[BlackElo "1912"]
[PlyCount "22"]
[GameId "2160767910710030"]
[EventDate "2007.03.06"]
[EventType "swiss"]
[EventRounds "4"]
[EventCountry "CAN"]
[SourceTitle "EXT 2019"]
[Source "ChessBase"]
[SourceDate "2018.10.10"]
[SourceVersion "1"]
[SourceVersionDate "2018.10.10"]
[SourceQuality "1"]

1. Nf3 Nf6 2. g3 b6 3. Bg2 Bb7 4. c4 c5 5. O-O g6 6. a4 Bg7 7. Nc3 O-O 8. Qb3 Nc6 9. e3 Rb8 10. d4 Ba6 11. d5 Na5 0-1

[Event "Winnipeg TNT March op"]
[Site "Winnipeg CAN"]
[Date "2007.03.06"]
[Round "1"]
[White "Green, Aaron"]
[Black "Clark, Jeff"]
[Result "1/2-1/2"]
[WhiteElo "1426"]
[BlackElo "1846"]
[PlyCount "161"]
[GameId "2160767910710031"]
[EventDate "2007.03.06"]
[EventType "swiss"]
[EventRounds "4"]
[EventCountry "CAN"]
[SourceTitle "EXT 2019"]
[Source "ChessBase"]
[SourceDate "2018.10.10"]
[SourceVersion "1"]
[SourceVersionDate "2018.10.10"]
[SourceQuality "1"]

1. e4 c6 2. d4 d5 3. exd5 cxd5 4. c4 Nf6 5. Nf3 Bg4 6. Be3 g6 7. h3 Bxf3 8. Qxf3 Nc6 9. Nc3 e6 10. a3 Bg7 11. Rd1 Qa5 12. Bd3 O-O 13. O-O dxc4 14. Bxc4 Rfd8 15. Bb5 Rac8 16. Bxc6 Rxc6 17. Ne4 Nxe4 18. Qxe4 Qd5 19. Qxd5 Rxd5 20. Rd2 Rc4 21. Rfd1 Kf8 22. b3 Rc6 23. Kf1 Ke8 24. Ke2 a5 25. g3 b5 26. h4 Bf8 27. Ra2 Rc3 28. Rd3 Rc8 29. Kd2 Kd7 30. Rc3 Rxc3 31. Kxc3 Bxa3 32. Kd3 Bb4 33. Rc2 Bd6 34. Ra2 Bc7 35. Bd2 b4 36. Rc2 Bb6 37. Be3 f5 38. f4 h5 39. Rc4 Bc7 40. Rc5 Bd6 41. Rxd5 exd5 42. Kc2 Kc6 43. Kb2 Kb5 44. Ka2 a4 45. Kb2 Be7 46. Ka2 a3 47. Bf2 Kc6 48. Be3 Kd7 49. Bf2 Ke6 50. Be3 Kf7 51. Bf2 g5 52. fxg5 f4 53. gxf4 Kg6 54. Be1 Kf5 55. Bf2 Bf8 56. Be1 Kxf4 57. g6 Kf5 58. g7 Bxg7 59. Bxb4 Bxd4 60. Kxa3 Bf2 61. Be7 d4 62. Kb2 d3 63. Kc1 Be3+ 64. Kd1 Ke6 65. Bd8 Kd5 66. Be7 Kd4 67. b4 Kc4 68. Bf8 Bd4 69. Be7 Bc3 70. Kc1 Bxb4 71. Bxb4 Kxb4 72. Kd2 Kc4 73. Kd1 Kd4 74. Kd2 Ke4 75. Kd1 Kf4 76. Kd2 Kg4 77. Kxd3 Kxh4 78. Ke2 Kg3 79. Kf1 h4 80. Kg1 h3 81. Kh1 1/2-1/2

[Event "Winnipeg TNT March op"]
[Site "Winnipeg CAN"]
[Date "2007.03.06"]
[Round "1"]
[White "Karmali, Hafiz"]
[Black "Essery, Richard"]
[Result "1/2-1/2"]
[WhiteElo "2033"]
[BlackElo "1655"]
[PlyCount "116"]
[GameId "2160767910710032"]
[EventDate "2007.03.06"]
[EventType "swiss"]
[EventRounds "4"]
[EventCountry "CAN"]
[SourceTitle "EXT 2019"]
[Source "ChessBase"]
[SourceDate "2018.10.10"]
[SourceVersion "1"]
[SourceVersionDate "2018.10.10"]
[SourceQuality "1"]

1. e4 d5 2. exd5 Qxd5 3. Nc3 Qa5 4. Nf3 Nf6 5. Bc4 Bg4 6. O-O e6 7. d4 c6 8. Re1 Bd6 9. h3 Bh5 10. Bd2 Qc7 11. Bg5 Nbd7 12. Qd3 h6 13. Bh4 g5 14. Bg3 Bxg3 15. fxg3 Qxg3 16. Re3 Qd6 17. Rae1 O-O-O 18. a3 g4 19. hxg4 Nxg4 20. R3e2 Nb6 21. Ne4 Qc7 22. Ba2 Nd5 23. Bxd5 Rxd5 24. c4 Rdd8 25. b4 Bg6 26. Qb3 Rxd4 27. Nf2 Rf4 28. Nh3 Rf6 29. Rd2 Rd8 30. Red1 Rxd2 31. Rxd2 e5 32. Nf2 Nxf2 33. Rxf2 e4 34. Nd4 Rxf2 35. Kxf2 Qf4+ 36. Ke1 e3 37. Qc3 Qf2+ 38. Kd1 Bh5+ 39. Kc1 Qf1+ 40. Kb2 Qxg2+ 41. Kc1 Qf1+ 42. Kb2 e2 43. Nc2 Bg6 44. Ne1 Qf5 45. Qc1 Qe5+ 46. Kb3 Qg3+ 47. Kb2 f5 48. Qd2 Qe5+ 49. Kb3 f4 50. Nf3 Qe4 51. Ne1 f3 52. Qxh6 f2 53. Qf8+ Kc7 54. Qxf2 Qb1+ 55. Kc3 Qa1+ 56. Kb3 Qb1+ 57. Kc3 Qa1+ 58. Kb3 Qb1+ 1/2-1/2

[Event "Winnipeg TNT March op"]
[Site "Winnipeg CAN"]
[Date "2007.03.06"]
[Round "1"]
[White "Kohalmi, Andy"]
[Black "Gibson, Fred"]
[Result "1-0"]
[WhiteElo "1703"]
[BlackElo "1260"]
[PlyCount "67"]
[GameId "2160767910710033"]
[EventDate "2007.03.06"]
[EventType "swiss"]
[EventRounds "4"]
[EventCountry "CAN"]
[SourceTitle "EXT 2019"]
[Source "ChessBase"]
[SourceDate "2018.10.10"]
[SourceVersion "1"]
[SourceVersionDate "2018.10.10"]
[SourceQuality "1"]

1. d4 Nf6 2. Nf3 g6 3. g3 Bg7 4. Bg2 d6 5. O-O O-O 6. c4 Nbd7 7. Nc3 c6 8. Re1 Re8 9. h3 e5 10. e4 b6 11. Be3 Nh5 12. Qd2 f6 13. g4 Nf4 14. Bxf4 exf4 15. Qxf4 Nf8 16. d5 g5 17. Qd2 c5 18. Rab1 Ng6 19. Re3 Nf4 20. Ne2 Nxg2 21. Kxg2 h5 22. Nh2 hxg4 23. hxg4 Kf7 24. Ng3 Rh8 25. Nh5 Bxg4 26. Nxg7 Rxh2+ 27. Kxh2 Qh8+ 28. Kg2 Qh4 29. Rh1 Bf3+ 30. Rxf3 Qxe4 31. Ne6 Kg6 32. Qd3 f5 33. Qxe4 fxe4 34. Rg3 1-0

[Event "Winnipeg TNT March op"]
[Site "Winnipeg CAN"]
[Date "2007.03.06"]
[Round "1"]
[White "Lauritson, Jim"]
[Black "Lipic, Stephen"]
[Result "1-0"]
[WhiteElo "1916"]
[BlackElo "1582"]
[PlyCount "93"]
[GameId "2160767910710034"]
[EventDate "2007.03.06"]
[EventType "swiss"]
[EventRounds "4"]
[EventCountry "CAN"]
[SourceTitle "EXT 2019"]
[Source "ChessBase"]
[SourceDate "2018.10.10"]
[SourceVersion "1"]
[SourceVersionDate "2018.10.10"]
[SourceQuality "1"]

1. d4 c5 2. d5 e5 3. dxe6 fxe6 4. e4 d5 5. e5 Nc6 6. f4 Qh4+ 7. g3 Qd8 8. Nf3 Bd7 9. c4 d4 10. Nbd2 Nge7 11. Ne4 Nf5 12. Bg2 Be7 13. O-O Qb6 14. Qe2 O-O-O 15. Nfg5 Rdf8 16. b3 h6 17. Nf3 Nb4 18. a3 d3 19. Qd2 Nc2 20. Rb1 Nce3 21. Re1 Nxg2 22. Kxg2 Bc6 23. Qxd3 Rd8 24. Qe2 g5 25. fxg5 hxg5 26. Bxg5 Bxg5 27. Nfxg5 Nd4 28. Qg4 Nc2 29. Qxe6+ Bd7 30. Qxb6 Nxe1+ 31. Rxe1 axb6 32. Nd6+ Kc7 33. Ngf7 Bc6+ 34. Kg1 Rde8 35. Nxh8 Rxh8 36. Rf1 Rh6 37. Rf7+ Bd7 38. Ne8+ Kc6 39. Rf6+ Rxf6 40. Nxf6 Be6 41. h4 b5 42. cxb5+ Kxb5 43. h5 Bxb3 44. h6 c4 45. h7 c3 46. h8=Q c2 47. Qh6 1-0

[Event "Winnipeg TNT March op"]
[Site "Winnipeg CAN"]
[Date "2007.03.06"]
[Round "1"]
[White "Mundwiler, Les"]
[Black "Wiebe, Daniel"]
[Result "1-0"]
[WhiteElo "1945"]
[BlackElo "1704"]
[PlyCount "61"]
[GameId "2160767910710035"]
[EventDate "2007.03.06"]
[EventType "swiss"]
[EventRounds "4"]
[EventCountry "CAN"]
[SourceTitle "EXT 2019"]
[Source "ChessBase"]
[SourceDate "2018.10.10"]
[SourceVersion "1"]
[SourceVersionDate "2018.10.10"]
[SourceQuality "1"]

1. c4 Nf6 2. Nc3 e5 3. e4 Bc5 4. h3 Nc6 5. Nge2 b6 6. Ng3 Bb7 7. d3 Nd4 8. Be2 Qe7 9. a3 a5 10. Be3 Nxe2 11. Qxe2 g6 12. Bh6 Bd4 13. Qf3 Bxc3+ 14. bxc3 O-O-O 15. Bg5 d5 16. Bxf6 Qd6 17. Bxh8 dxc4 18. Bf6 Rd7 19. O-O cxd3 20. Rfd1 h6 21. h4 Qc5 22. Ra2 d2 23. Raxd2 Rd6 24. Rxd6 cxd6 25. Qd3 d5 26. Bxe5 Qxa3 27. exd5 a4 28. Ne4 Ba8 29. Qc4+ Kb7 30. Nd6+ Ka7 31. Nb5+ 1-0

[Event "Winnipeg TNT March op"]
[Site "Winnipeg CAN"]
[Date "2007.03.06"]
[Round "1"]
[White "Pottinger, Carl"]
[Black "Gibbons, Lorne"]
[Result "1-0"]
[WhiteElo "1802"]
[BlackElo "1299"]
[PlyCount "157"]
[GameId "2160767910710036"]
[EventDate "2007.03.06"]
[EventType "swiss"]
[EventRounds "4"]
[EventCountry "CAN"]
[SourceTitle "EXT 2019"]
[Source "ChessBase"]
[SourceDate "2018.10.10"]
[SourceVersion "1"]
[SourceVersionDate "2018.10.10"]
[SourceQuality "1"]

1. c4 Nc6 2. g3 Nf6 3. Bg2 e6 4. Nc3 Bc5 5. e3 O-O 6. Nge2 Ne7 7. O-O c6 8. d4 Bd6 9. a3 Bc7 10. Bd2 b6 11. Ne4 Nxe4 12. Bxe4 f5 13. Bg2 h5 14. Bb4 a5 15. Bxe7 Qxe7 16. d5 Bb7 17. Nc3 Be5 18. Rc1 Bxc3 19. Rxc3 Rad8 20. Qxh5 Rf6 21. Qh4 Qe8 22. Qd4 c5 23. Qd1 d6 24. Rb3 Ba6 25. Rc3 e5 26. Qe2 b5 27. b3 a4 28. bxa4 bxc4 29. Qc2 e4 30. Rb1 Ra8 31. Bf1 Qd7 32. Bxc4 Bxc4 33. Rxc4 Rff8 34. Rb5 Ra6 35. Qb3 Rfa8 36. Rb8+ Kh7 37. Rb5 Qf7 38. Qd1 Re8 39. f3 exf3 40. Qxf3 g6 41. Rh4+ Kg7 42. Rb1 Re5 43. Qf4 Kf6 44. Qc4 Ra7 45. e4 Rae7 46. Rb6 Rxe4 47. Rxe4 Rxe4 48. Rxd6+ Ke5 49. Re6+ Qxe6 50. Qxe4+ fxe4 51. dxe6 Kxe6 52. a5 Kd6 53. a6 Kc7 54. a7 Kb7 55. Kf2 Kxa7 56. Ke3 Ka6 57. Kxe4 Kb5 58. Kd3 Ka4 59. Kc4 Kxa3 60. Kxc5 Kb3 61. Kd5 Kc3 62. Ke5 Kd3 63. Kf4 Kd4 64. Kg5 Ke4 65. Kxg6 Kf3 66. h4 Kxg3 67. h5 Kf2 68. h6 Ke3 69. h7 Kd3 70. h8=Q Ke4 71. Qh4+ Kd5 72. Qf4 Kc5 73. Qe4 Kd6 74. Kf6 Kc5 75. Qc2+ Kb6 76. Ke6 Kb5 77. Kd5 Kb4 78. Qb2+ Ka5 79. Kc5 1-0

[Event "Winnipeg TNT March op"]
[Site "Winnipeg CAN"]
[Date "2007.03.06"]
[Round "1"]
[White "Reimer, Bruce"]
[Black "Melamedoff, Gustavo"]
[Result "0-1"]
[WhiteElo "1590"]
[BlackElo "1943"]
[PlyCount "80"]
[GameId "2160767910710037"]
[EventDate "2007.03.06"]
[EventType "swiss"]
[EventRounds "4"]
[EventCountry "CAN"]
[SourceTitle "EXT 2019"]
[Source "ChessBase"]
[SourceDate "2018.10.10"]
[SourceVersion "1"]
[SourceVersionDate "2018.10.10"]
[SourceQuality "1"]

1. e4 d6 2. d4 Nf6 3. Nc3 g6 4. f4 Bg7 5. Nf3 O-O 6. Be2 c5 7. O-O cxd4 8. Qxd4 Ng4 9. Qd3 Nc6 10. a3 Qb6+ 11. Kh1 Be6 12. h3 Nf2+ 13. Rxf2 Qxf2 14. Be3 Qg3 15. Bf1 Bxh3 16. Ne2 Qg4 17. Nh2 Qd7 18. gxh3 Bxb2 19. Rb1 Bg7 20. e5 Rfd8 21. exd6 exd6 22. Qb5 Qe6 23. Qb3 Qxb3 24. Rxb3 b6 25. Bg2 Rac8 26. Bxc6 Rxc6 27. c3 Re8 28. Nd4 Rc4 29. Bf2 Re4 30. Nb5 Re2 31. Bg3 d5 32. Nf1 a6 33. Nd4 Bxd4 34. cxd4 b5 35. Rd3 Re4 36. f5 Rexd4 37. Rxd4 Rxd4 38. fxg6 hxg6 39. Bf2 Rd3 40. Bc5 Rxh3+ 0-1

[Event "Winnipeg TNT March op"]
[Site "Winnipeg CAN"]
[Date "2007.03.06"]
[Round "1"]
[White "Rutter, Blair"]
[Black "Booth, Kevin"]
[Result "1/2-1/2"]
[WhiteElo "1955"]
[BlackElo "1638"]
[PlyCount "113"]
[GameId "2160767910710038"]
[EventDate "2007.03.06"]
[EventType "swiss"]
[EventRounds "4"]
[EventCountry "CAN"]
[SourceTitle "EXT 2019"]
[Source "ChessBase"]
[SourceDate "2018.10.10"]
[SourceVersion "1"]
[SourceVersionDate "2018.10.10"]
[SourceQuality "1"]

1. c4 e5 2. g3 Nf6 3. Bg2 Bc5 4. Nc3 Nc6 5. e3 d6 6. Nge2 Bd7 7. O-O O-O 8. d4 exd4 9. exd4 Bb6 10. h3 Re8 11. Be3 Qe7 12. Qd2 Bf5 13. a3 Ne4 14. Qd1 Nxc3 15. Nxc3 Na5 16. Nd5 Qf8 17. c5 dxc5 18. dxc5 Bxc5 19. Bxc5 Qxc5 20. Rc1 Qf8 21. Nxc7 Rad8 22. Qa4 Re5 23. f4 Rc5 24. Qb4 b6 25. Nb5 Bd3 26. Rxc5 Qxc5+ 27. Qxc5 bxc5 28. Rd1 g6 29. Nxa7 Nc4 30. Nc6 Nxb2 31. Rc1 Re8 32. Ne5 c4 33. Bd5 Re7 34. Kf2 Kg7 35. Bxf7 Rxf7 36. Nxf7 Kxf7 37. Ke3 Ke6 38. Kd4 Kd6 39. Kc3 Na4+ 40. Kb4 Nc5 41. a4 Ne4 42. a5 c3 43. Kb3 c2 44. g4 Ng3 45. a6 Bxa6 46. Rxc2 Ne2 47. Rd2+ Ke6 48. f5+ gxf5 49. gxf5+ Kxf5 50. Rd6 Bc8 51. Rh6 Be6+ 52. Kb4 Bg8 53. Rh5+ Kg6 54. Rh4 Be6 55. Re4 Bxh3 56. Rxe2 h5 57. Kc3 1/2-1/2

[Event "Winnipeg TNT March op"]
[Site "Winnipeg CAN"]
[Date "2007.03.06"]
[Round "1"]
[White "Wood, Nathaniel"]
[Black "Khedkar, Jay S"]
[Result "0-1"]
[WhiteElo "1636"]
[BlackElo "1963"]
[PlyCount "35"]
[GameId "2160767910710039"]
[EventDate "2007.03.06"]
[EventType "swiss"]
[EventRounds "4"]
[EventCountry "CAN"]
[SourceTitle "EXT 2019"]
[Source "ChessBase"]
[SourceDate "2018.10.10"]
[SourceVersion "1"]
[SourceVersionDate "2018.10.10"]
[SourceQuality "1"]

1. d4 d5 2. c4 e6 3. Nc3 Nf6 4. Bg5 Nbd7 5. e3 c6 6. Bd3 Qa5 7. Nge2 dxc4 8. Bxc4 Qxg5 9. O-O e5 10. f4 exf4 11. Nxf4 Nb6 12. Bb3 Bd6 13. d5 Qe5 14. dxc6 bxc6 15. Qf3 O-O 16. Rad1 Bg4 17. Qxc6 Bxd1 18. Rxd1 0-1

[Event "Winnipeg TNT March op"]
[Site "Winnipeg CAN"]
[Date "2007.03.13"]
[Round "2"]
[White "Booth, Kevin"]
[Black "Karmali, Hafiz"]
[Result "1-0"]
[WhiteElo "1638"]
[BlackElo "2033"]
[PlyCount "146"]
[GameId "2160767910710040"]
[EventDate "2007.03.06"]
[EventType "swiss"]
[EventRounds "4"]
[EventCountry "CAN"]
[SourceTitle "EXT 2019"]
[Source "ChessBase"]
[SourceDate "2018.10.10"]
[SourceVersion "1"]
[SourceVersionDate "2018.10.10"]
[SourceQuality "1"]

1. d4 d5 2. c4 e6 3. Nc3 f5 4. Bf4 Bd6 5. Qd2 Nf6 6. Nf3 O-O 7. cxd5 exd5 8. Bg5 c6 9. e3 Qe8 10. Bxf6 Rxf6 11. Bd3 Nd7 12. Qc2 Nf8 13. h3 Qh5 14. O-O-O b5 15. Ne2 Bd7 16. Ne5 Qe8 17. Nxd7 Qxd7 18. g4 fxg4 19. hxg4 g6 20. Rdf1 Qxg4 21. Kb1 Qd7 22. Ng3 Ne6 23. Rfg1 Bxg3 24. Rxg3 Raf8 25. f4 Ng7 26. Rgh3 Nf5 27. Qh2 R6f7 28. Bxf5 Qxf5+ 29. Ka1 Qd7 30. Rh6 Rg7 31. a3 a5 32. Qh3 Qxh3 33. R6xh3 Re8 34. Rc1 Re6 35. Ka2 Kf8 36. Kb3 Rge7 37. Rc3 Kg7 38. Kc2 Kf6 39. Kd3 g5 40. fxg5+ Kxg5 41. Ke2 h5 42. Rc1 Rf7 43. Rg1+ Kh6 44. Rg8 Rf5 45. Rhg3 Rf7 46. Rh3 Ref6 47. Rh2 Rf5 48. Rc8 R7f6 49. Rh8+ Kg6 50. Rg2+ Kf7 51. Rh7+ Ke6 52. Rh2 Rf1 53. R7xh5 Rb1 54. Kd3 Rd1+ 55. Kc2 Rdf1 56. Rh6 R1f2+ 57. Rxf2 Rxh6 58. Kd3 Kd6 59. Re2 c5 60. dxc5+ Kxc5 61. Rc2+ Kb6 62. b4 axb4 63. axb4 Rh4 64. Kc3 Re4 65. Re2 Rc4+ 66. Kb3 Kc6 67. Rc2 Kd6 68. Rc3 Ke5 69. Rd3 Ke4 70. Rd2 Kxe3 71. Rxd5 Rd4 72. Rxb5 Rd1 73. Rc5 Kd4 1-0

[Event "Winnipeg TNT March op"]
[Site "Winnipeg CAN"]
[Date "2007.03.13"]
[Round "2"]
[White "Clark, Jeff"]
[Black "Wasserman, Leor"]
[Result "1-0"]
[WhiteElo "1846"]
[BlackElo "1560"]
[PlyCount "117"]
[GameId "2160767910710041"]
[EventDate "2007.03.06"]
[EventType "swiss"]
[EventRounds "4"]
[EventCountry "CAN"]
[SourceTitle "EXT 2019"]
[Source "ChessBase"]
[SourceDate "2018.10.10"]
[SourceVersion "1"]
[SourceVersionDate "2018.10.10"]
[SourceQuality "1"]

1. Nf3 Nc6 2. d4 d5 3. g3 Nf6 4. Bg2 Bf5 5. c3 Qd7 6. Bf4 Bh3 7. Bxh3 Qxh3 8. Bxc7 Ng4 9. Rf1 Nxh2 10. Nxh2 Qxh2 11. Nd2 e6 12. Nf3 Qh6 13. Bf4 Qg6 14. Qd3 Qxd3 15. exd3 Be7 16. Kd2 O-O 17. Rfe1 h6 18. Rac1 Kh7 19. Rh1 Kg8 20. a3 Na5 21. Kc2 f6 22. b4 Nc6 23. c4 Rac8 24. Kb3 dxc4+ 25. dxc4 e5 26. Be3 exd4 27. Bxd4 Nxd4+ 28. Nxd4 Rfd8 29. Rhd1 Re8 30. c5 Bd8 31. Rc2 b6 32. c6 Bc7 33. b5 Be5 34. Nf5 Red8 35. Rxd8+ Rxd8 36. c7 Bxc7 37. Rxc7 Rd3+ 38. Rc3 Rd2 39. f3 Kh7 40. Ne7 Rd7 41. Nc6 Kg6 42. Kc2 Kf5 43. Rd3 Rc7 44. Rd8 a6 45. a4 axb5 46. axb5 g5 47. Kd3 h5 48. Ke3 Rh7 49. g4+ hxg4 50. Nd4+ Ke5 51. fxg4 Rh3+ 52. Nf3+ Ke6 53. Ke4 Rg3 54. Nd4+ Kf7 55. Kf5 Ke7 56. Nc6+ Kf7 57. Rd7+ Ke8 58. Re7+ Kf8 59. Kxf6 1-0